000 00805nam a22002777a 4500
001 BR0806862
003 BR-BrBNA
005 20230928102752.0
007 ta
008 230509b bl.||||| |||| 00| 0 por d
040 _aBR-BrBNA
_bpor
_cBiblioteca Nacional de Agricultura
041 _a(Por)
072 _aQ04; E70
_b0600
_b1300
090 _ 0600 BR0806862
110 1 _aAssociação Brasileira do Papelão Ondulado, São Paulo, SP (Brasil)
_9340
245 1 _aManuseio mínimo: um único toque da produção à gôndola
260 3 _aSão Paulo, SP (Brasil):
_c[nd].
300 _a5 p.
650 _aFRUTA
650 _aHORTALIÇA
650 _aPRODUÇÃO VEGETAL
650 _aCONTROLE DE QUALIDADE
650 _aCOMERCIALIZAÇÃO
909 _a202309
_bLucia
_c55
_dLucia Elande
942 _cBK
999 _c72379
_d72379